| 000 | 00930nam a2200229 4500 | ||
|---|---|---|---|
| 001 | 117984 | ||
| 003 | ES-MaACL | ||
| 005 | 20230906191016.0 | ||
| 007 | t| | ||
| 008 | 070214s1984 sp r ||||1| spa d | ||
| 080 | _a75 Pelayo, Orlando (064.3) | ||
| 100 | 1 |
_aPelayo, Orlando. _990027 |
|
| 245 | 1 | 0 |
_aOrlando Pelayo : _b[exposición] del 3 de abril al 5 de mayo de 1984 : Centro de Exposiciones y Congresos, Caja de Ahorros y Monte de Piedad de Zaragoza, Aragón y Rioja. |
| 260 |
_aZaragoza : _bCaja de Ahorros y Monte de Piedad de Zaragoza, Aragón y Rioja, _c1984. |
||
| 300 |
_a40 p. : _bprincipalmente il. col. y n. ; _c30 cm. |
||
| 600 | 1 | 4 |
_aPelayo, Orlando- _vExposiciones. _9172861 |
| 655 | 7 |
_2tgfbne _9193628 _aCatálogos de exposiciones |
|
| 710 | 2 |
_aCaja de Ahorros y Monte de Piedad de Zaragoza, Aragón y Rioja. _92326 |
|
| 852 |
_aES-MaACL _j2130-F-40 |
||
| 942 | _2udc | ||
| 999 |
_c117984 _d117984 |
||